000
00299nam a2200133Ia 4500
008
210312s9999||||xx |||||||||||||| ||und||
041
_a
osm
050
_a
PL189
050
_b
S46
100
_a
Şemseddin Sami
245
0
_a
Kamus-i Türki
260
_c
1317
650
_a
Dil--Türk dili--Sözlükler
999
_c
22125
_d
22125